=LDR 00000nam 2200000 4500 =001 INLIS000000000056047 =005 20230511013645 =035 ##$$a 0010-0820000188 =007 ta =008 230511###########################0#eng## =020 ##$$a 0-930878-65-5 =082 ##$$a 495.75 =084 ##$$a 495.75 CHA a =100 #$$a Chang, Namgui =245 1#$$a A Communicative Approach Textbook : $b Functional Korean /$c Namgui Chang; Yong-chol Kim =260 ##$$a Korea :$b Hollym Corporation,$c 1993 =300 ##$$a 382 Hlm : $b Ilustrasi ; $c 24 Cm. =650 #4$$a Bahasa Korea - Tata Bahasa =700 #$$a Yong-chol Kim =990 ##$$a 3202002836 =990 ##$$a 3202002836